Statistics for Flags of North America

Click here to take the quiz!

General Stats

  • This quiz has been taken 8 times
  • The average score is 28 of 46

Answer Stats

Answer% Correct
Antigua and Barbuda
100%
Barbados
100%
Canada
100%
Honduras
100%
Jamaica
100%
Mexico
100%
Panama
100%
Saint Lucia
100%
Saint Vincent and the Grenadines
100%
United States of America
100%
Belize
86%
Cuba
86%
El Salvador
86%
Grenada
86%
Guatemala
86%
Saint Kitts and Nevis
86%
the Bahamas
86%
the Dominican Republic
86%
Trinidad and Tobago
86%
Dominica
71%
Haiti
71%
Puerto Rico
71%
Aruba
57%
Costa Rica
57%
Greenland
57%
Nicaragua
57%
United States Virgin Islands
57%
Anguilla
43%
Bermuda
43%
Bonaire
43%
Curaçao
43%
Martinique
43%
Saint Martin
43%
Saint Pierre and Miquelon
43%
Sint Maarten
43%
the Cayman Islands
43%
Guadeloupe
29%
Montserrat
29%
Saint Barthélemy
29%
Sint Eustatius
29%
Turks and Caicos Islands
29%
British Virgin Islands
14%
Federal Dependencies of Venezuela
14%
Saba
14%
Nueva Esparta
0%
San Andrés and Providencia
0%

Score Distribution

Percentile by Number Answered

Percent of People with Each Score

Your Score History

You have not taken this quiz